La torre de los panoramas : (Registro nro. 8146)

Detalles MARC
000 -LIDER
fixed length control field 01851nam a2200301 a 4500
001 - NÚMERO DE CONTROL
Identificador de número de control 000017397
003 - IDENTIFICACDOR DE NÚMERO DE CONTROL
control field DO-SdBNP
005 - DATE AND TIME OF LATEST TRANSACTION
control field 20260520134652.0
007 - CAMPOS FIJOS DE DESCRIPCIÓN FÍSICA
fixed length control field 000017397
008 - ELEMENTOS DE LONGITUD FIJA
fixed length control field 100324t 2009 dr 001 e spa d
020 ## - ISBN
International Standard Book Number 9789945427639
040 ## - FUENTE DE CATALOGACIÓN
Agencia que crea de manera original el registro BPMSU
Idioma de catalogación spa
Agencia que realiza la transcripción BPMSU
082 ## - NÚMERO DE CLASIFICACIÓN DECIMAL DE DEWEY
Item number A676t 2009
Classification number Cu864.44
Edition number 22
092 ## - LOCALLY ASSIGNED DEWEY DECIMAL CALL NUMBER
Número de clasificación
Número de ítem (Cutter)
100 1# - ASIENTO PRINCIPAL -- NOMBRE PERSONAL
Nombre personal Ardavín Trabanco, Carlos X.
245 13 - MENCIÓN DE TITULO
Título La torre de los panoramas :
Subtítulo escritos sobre literatura dominicana /
Mención de responsabilidad Carlos X. Ardavín Trabanco.
260 ## - PUBLICACIÓN, DISTRIBUCIÓN, ETC. (PIE DE IMPRENTA)
Lugar de publicación, distribución, etc Santo Domingo :
Nombre del editor, distribuidor, etc. Secretaría de Estado de Cultura,
Fecha de publicación, distribución, etc 2009
Impresor
300 ## - DESCRIPCIÓN FÍSICA
Extensión 114 p. ;
Dimensiones 23 cm.
490 0# - MENCIÓN DE SERIES
Mención de serie Frágil
Volume/sequential designation 10
500 ## - NOTA GENERAL
Nota general Incluye datos biográficos del autor en la solapa de la cubierta
504 ## - NOTA DE BIBLIOGRAFÍA, ETC.
Bibliography, etc Bibliografía : p. 109-114.
505 0# - NOTA DE CONTENIDO
Título Andrés L. Mateo o la persistencia de la memoria --
-- República Dominicana invertebrada --
-- Memoria de Alberto Baeza Flores --
-- Tres visiones sobre periodismo y literatura --
-- Julia Álvarez y la literatura dominicana --
-- Ensoñaciones de un poeta puro --
-- La celebración dominicana de la palabra --
-- Confesiones y observaciones de un poeta pensador --
-- Notas sobre poesía de Giovanni Di Pietro --
-- Sistema referido a José Mármol --
-- El búho y la luna: las cavilaciones de un poeta --
-- Los sonetos de León David --
-- La poesía de Alex Ferreras --
-- Los aforismos de José Mármol --
-- Breve retrato de Diógenes Céspedes --
-- Pedro Henríquez Ureña y Jorge Luis Borges --
-- Tres calas en la poesía dominicana de principios de siglo --
-- Reflexiones circunstanciales --
Información miscelánea Epílogo:
Título Carlos X. Ardavín y la literatura: una entrevista al escritor --
-- Bibliografía --
-- Procedencia de los textos.
650 #7 - ENCABEZAMIENTO DE MATERIA--TEMÁTICO
Término temático o nombre geográfico como elemento de entrada Ensayos cubanos
650 #7 - ENCABEZAMIENTO DE MATERIA--TEMÁTICO
Término temático o nombre geográfico como elemento de entrada Literatura cubana
Subdivisión temática general
650 #7 - ENCABEZAMIENTO DE MATERIA--TEMÁTICO
Término temático o nombre geográfico como elemento de entrada Autores dominicanos
Subdivisión temática general Crítica e interpretación
910 ## - VALIDACIÓN
Validación VMateo v.
942 ## - ADDED ENTRY ELEMENTS (KOHA)
Source of classification or shelving scheme Dewey Decimal Classification
Koha item type Libros
Existencias
Withdrawn status Lost status Source of classification or shelving scheme Damaged status Not for loan Collection code Home library Current library Date acquired Source of acquisition Full call number Barcode Date last seen Copy number Price effective from Koha item type Total Checkouts
    Dewey Decimal Classification     Colección Dominicana Biblioteca Pública Metropolitana Salomé Ureña Biblioteca Pública Metropolitana Salomé Ureña 08/10/2015 BPMSU CD Cu864.44 A676t 2009 BPMSU15080251 08/10/2015 08/10/2015 Libros  
    Dewey Decimal Classification     Colección Dominicana Biblioteca Pública Metropolitana Salomé Ureña Biblioteca Pública Metropolitana Salomé Ureña 08/10/2015 BPMSU CD Cu864.44 A676t 2009 BPMSU21110117 11/24/2021 e.2 08/10/2015 Libros  
    Dewey Decimal Classification     Colección Dominicana Biblioteca Pública Metropolitana Salomé Ureña Biblioteca Pública Metropolitana Salomé Ureña 08/10/2015 BPMSU CD Cu864.44 A676t 2009 BPMSU26050092 05/20/2026 e.3 08/10/2015 Libros